000 00265nam a22001217a 4500
041 _aENG
100 _aRoeland.F.E
245 _aElectricity In Modern Farming
260 _aLandon
_bLand Books LTD
_c1993
300 _a318
650 _aEOES
856 _uEOES ( 12 )
999 _c1221
_d1221